Welcome to CU Library Online Public Access Catalogue (OPAC)

Human anatomy and physiology / (Record no. 2279)

MARC details
000 -LEADER
fixed length control field 00627nam a2200217 a 4500
001 - CONTROL NUMBER
control field 3452936
005 - DATE AND TIME OF LATEST TRANSACTION
control field 20241215145743.0
008 - FIXED-LENGTH DATA ELEMENTS--GENERAL INFORMATION
fixed length control field 920128s1993 iaua 001 0 eng
020 ## - INTERNATIONAL STANDARD BOOK NUMBER
International Standard Book Number 9780697122711
050 00 - LIBRARY OF CONGRESS CALL NUMBER
Classification number QP34.5
Item number .H63 1993
082 00 - DEWEY DECIMAL CLASSIFICATION NUMBER
Classification number 612
Edition information 20
100 1# - MAIN ENTRY--PERSONAL NAME
Personal name Hole, John W. Jr.
245 10 - TITLE STATEMENT
Title Human anatomy and physiology /
Statement of responsibility, etc. John W. Hole, Jr.
250 ## - EDITION STATEMENT
Edition statement 6th ed.
260 ## - PUBLICATION, DISTRIBUTION, ETC.
Place of publication, distribution, etc. Dubuque, Iowa :
Name of publisher, distributor, etc. W.C. Brown Publishers,
Date of publication, distribution, etc. c1993.
300 ## - PHYSICAL DESCRIPTION
Extent xx, 962, [19] p. :
Other physical details ill. (some col.) ;
Dimensions 28 cm.
500 ## - GENERAL NOTE
General note Includes index.
650 #0 - SUBJECT ADDED ENTRY--TOPICAL TERM
Topical term or geographic name entry element Human physiology.
650 #0 - SUBJECT ADDED ENTRY--TOPICAL TERM
Topical term or geographic name entry element Human anatomy.
942 ## - ADDED ENTRY ELEMENTS (KOHA)
Source of classification or shelving scheme Library of Congress Classification
Koha item type Books
Edition 6th ed.
Suppress in OPAC No
999 ## -
-- 2279
-- 2279
Holdings
Withdrawn status Lost status Source of classification or shelving scheme Damaged status Not for loan Collection Home library Current library Shelving location Date acquired Total checkouts Full call number Barcode Date last seen Copy number Price effective from Koha item type
    Library of Congress Classification     Non-fiction Science Library (Miotso) Science Library (Miotso) General stacks 12/15/2024   QP34.5 .H625 HOL SLM00001583 12/15/2024 1 12/15/2024 Books
© 2023-2024 Copyright: Central University Libraries. All Rights Reserved | Created by: Mahone Tech Office